00550nam a2200181 a 4500001001000000003000900010005001700019007000300036008004100039040002500080082001900105100001700124245006400141260003800205300003100243500006600274504002800340000048292DO-SdBNP20230203115923.0ta181213s2000 dr c r 000 0 spa d aDO-SdBNPbspacBNPHU axxxbV297i2221 aVargas, Anny10aIntroducción a la informática básica. /cAnny Vargas. aSanto Domingo :bCorripio,c2000. a123 p. :bdiagr. ;c23 cm. aIncluye datos biográficos de la autora en la contracubierta aBibliografía : p. 122